[Event "ODJM B 2025"]
[Site "Willingen GER"]
[Date "2025.06.10"]
[Round "4"]
[White "Stoos, Laura-Alice"]
[Black "Mai, Maximilian"]
[Result "0-1"]
[Termination "normal"]
[Board "38"]
[WhiteElo "1706"]
[BlackElo "1697"]
[WhiteClock "00:15:24"]
[BlackClock "00:13:32"]
[PlyCount "90"]
[WhiteFideId "34651497"]
[BlackFideId "34628924"]
[EventCountry "GER"]
[EventRounds "9"]
[EventType "swiss"]
[EventDate "2025.06.07"]

1. b3 {[%clk 01:30:59]} d5 {[%clk 01:30:29]} {[%emt 00:00:31]} 2. Bb2 {[%clk
01:31:22]} {[%emt 00:00:07]} Bf5 {[%clk 01:30:33]} {[%emt 00:00:26]} 3. e3
{[%clk 01:31:31]} {[%emt 00:00:22]} Nf6 {[%clk 01:30:55]} {[%emt 00:00:08]} 4.
Nf3 {[%clk 01:31:53]} {[%emt 00:00:07]} e6 {[%clk 01:30:14]} {[%emt 00:01:11]}
5. d4 {[%clk 01:32:07]} {[%emt 00:00:17]} Nbd7 {[%clk 01:29:41]} {[%emt
00:01:02]} 6. c4 {[%clk 01:31:53]} {[%emt 00:00:44]} Bxb1 {[%clk 01:25:38]}
{[%emt 00:04:33]} 7. Rxb1 {[%clk 01:29:53]} {[%emt 00:02:30]} Bb4+ {[%clk
01:26:03]} {[%emt 00:00:05]} 8. Nd2 {[%clk 01:27:25]} {[%emt 00:02:58]} Ne4
{[%clk 01:26:14]} {[%emt 00:00:19]} 9. Bc1 {[%clk 01:19:56]} {[%emt 00:08:00]}
Nc3 {[%clk 01:20:36]} {[%emt 00:06:07]} 10. Qc2 {[%clk 01:20:11]} {[%emt
00:00:16]} Nxb1 {[%clk 01:20:58]} {[%emt 00:00:07]} 11. Qxb1 {[%clk 01:20:34]}
{[%emt 00:00:07]} Nf6 {[%clk 01:19:34]} {[%emt 00:01:54]} 12. Bd3 {[%clk
01:20:26]} {[%emt 00:00:38]} c6 {[%clk 01:16:16]} {[%emt 00:03:49]} 13. O-O
{[%clk 01:20:43]} {[%emt 00:00:12]} g5 {[%clk 01:12:34]} {[%emt 00:04:12]} 14.
Nf3 {[%clk 01:18:29]} {[%emt 00:02:45]} h6 {[%clk 01:09:01]} {[%emt 00:04:02]}
15. h3 {[%clk 01:08:22]} {[%emt 00:10:37]} Qe7 {[%clk 01:07:41]} {[%emt
00:01:50]} 16. cxd5 {[%clk 01:07:01]} {[%emt 00:01:52]} exd5 {[%clk 01:06:04]}
{[%emt 00:02:07]} 17. Ne5 {[%clk 01:06:42]} {[%emt 00:00:49]} Nd7 {[%clk
01:03:20]} {[%emt 00:03:14]} 18. Nxd7 {[%clk 01:06:20]} {[%emt 00:00:52]} Kxd7
{[%clk 01:03:45]} {[%emt 00:00:05]} 19. Bf5+ {[%clk 01:06:23]} {[%emt
00:00:26]} Kc7 {[%clk 01:04:02]} {[%emt 00:00:13]} 20. Qb2 {[%clk 01:05:01]}
{[%emt 00:01:52]} h5 {[%clk 01:02:53]} {[%emt 00:01:39]} 21. f3 {[%clk
01:04:47]} {[%emt 00:00:44]} Rad8 {[%clk 00:56:15]} {[%emt 00:07:08]} 22. a3
{[%clk 01:04:10]} {[%emt 00:01:07]} Ba5 {[%clk 00:44:02]} {[%emt 00:12:43]} 23.
b4 {[%clk 01:04:20]} {[%emt 00:00:20]} Bb6 {[%clk 00:44:24]} {[%emt 00:00:09]}
24. Bd2 {[%clk 01:03:51]} {[%emt 00:00:59]} Qf6 {[%clk 00:43:09]} {[%emt
00:01:45]} 25. Qc2 {[%clk 01:00:58]} {[%emt 00:03:22]} a6 {[%clk 00:39:24]}
{[%emt 00:04:15]} 26. a4 {[%clk 00:58:27]} {[%emt 00:03:01]} Ra8 {[%clk
00:36:45]} {[%emt 00:03:09]} 27. Be1 {[%clk 00:49:36]} {[%emt 00:09:20]} Kd8
{[%clk 00:33:51]} {[%emt 00:03:25]} 28. Bf2 {[%clk 00:39:10]} {[%emt 00:10:55]}
Qd6 {[%clk 00:32:17]} {[%emt 00:02:04]} 29. e4 {[%clk 00:34:50]} {[%emt
00:04:51]} f6 {[%clk 00:25:47]} {[%emt 00:07:00]} 30. Kh1 {[%clk 00:31:45]}
{[%emt 00:03:35]} Bc7 {[%clk 00:24:32]} {[%emt 00:01:45]} 31. g3 {[%clk
00:29:56]} {[%emt 00:02:19]} h4 {[%clk 00:23:50]} {[%emt 00:01:12]} 32. Rg1
{[%clk 00:30:00]} {[%emt 00:00:25]} Ke7 {[%clk 00:21:22]} {[%emt 00:02:59]} 33.
Qc5 {[%clk 00:28:53]} {[%emt 00:01:37]} Qxc5 {[%clk 00:21:08]} {[%emt
00:00:44]} 34. dxc5 {[%clk 00:29:14]} {[%emt 00:00:08]} dxe4 {[%clk 00:21:11]}
{[%emt 00:00:28]} 35. gxh4 {[%clk 00:25:30]} {[%emt 00:04:14]} exf3 {[%clk
00:19:33]} {[%emt 00:02:09]} 36. hxg5 {[%clk 00:22:19]} {[%emt 00:03:40]} fxg5
{[%clk 00:19:31]} {[%emt 00:00:33]} 37. Re1+ {[%clk 00:20:40]} {[%emt
00:02:08]} Kf7 {[%clk 00:18:39]} {[%emt 00:01:22]} 38. Be6+ {[%clk 00:20:13]}
{[%emt 00:00:56]} Kg6 {[%clk 00:18:46]} {[%emt 00:00:23]} 39. Bb3 {[%clk
00:17:51]} {[%emt 00:02:52]} Rxh3+ {[%clk 00:18:52]} {[%emt 00:00:26]} 40. Kg1
{[%clk 00:18:07]} {[%emt 00:00:13]} Bh2+ {[%clk 00:15:26]} {[%emt 00:03:56]}
41. Kf1 {[%clk 00:18:27]} {[%emt 00:00:10]} Rf8 {[%clk 00:14:13]} {[%emt
00:01:43]} 42. Re6+ {[%clk 00:18:22]} {[%emt 00:00:35]} Rf6 {[%clk 00:13:45]}
{[%emt 00:00:59]} 43. Re7 {[%clk 00:17:09]} {[%emt 00:01:42]} Bf4 {[%clk
00:13:08]} {[%emt 00:01:07]} 44. Bc2+ {[%clk 00:16:37]} {[%emt 00:01:01]} Kh5
{[%clk 00:13:32]} {[%emt 00:00:06]} 45. Kg1 {[%clk 00:15:24]} {[%emt 00:01:43]}
Bg3 {[%emt 00:06:49]} 0-1

[Event "ODJM B 2025"]
[Site "Willingen GER"]
[Date "2025.06.10"]
[Round "4"]
[White "Hesse, Lucas"]
[Black "Tryk, Paul-Luca"]
[Result "1-0"]
[Termination "normal"]
[Board "39"]
[WhiteElo "1508"]
[BlackElo "1741"]
[WhiteClock "00:28:08"]
[BlackClock "00:31:14"]
[PlyCount "119"]
[WhiteFideId "16261330"]
[BlackFideId "34698515"]
[EventCountry "GER"]
[EventRounds "9"]
[EventType "swiss"]
[EventDate "2025.06.07"]

1. e4 {[%clk 01:30:51]} {[%emt 00:00:08]} e6 {[%clk 01:30:55]} {[%emt
00:00:05]} 2. d4 {[%clk 01:30:49]} {[%emt 00:00:32]} d5 {[%clk 01:31:20]}
{[%emt 00:00:05]} 3. exd5 {[%clk 01:30:49]} {[%emt 00:00:30]} exd5 {[%clk
01:31:43]} {[%emt 00:00:07]} 4. Bf4 {[%clk 01:29:58]} {[%emt 00:01:21]} Nf6
{[%clk 01:31:48]} {[%emt 00:00:25]} 5. Nf3 {[%clk 01:30:09]} {[%emt 00:00:20]}
Bd6 {[%clk 01:31:59]} {[%emt 00:00:18]} 6. Bg5 {[%clk 01:26:18]} {[%emt
00:04:21]} h6 {[%clk 01:31:58]} {[%emt 00:00:31]} 7. Bh4 {[%clk 01:26:18]}
{[%emt 00:00:29]} Bg4 {[%clk 01:31:48]} {[%emt 00:00:41]} 8. Be2 {[%clk
01:26:23]} {[%emt 00:00:26]} Nbd7 {[%clk 01:31:16]} {[%emt 00:01:02]} 9. c3
{[%clk 01:18:20]} {[%emt 00:08:33]} g5 {[%clk 01:23:40]} {[%emt 00:08:05]} 10.
Bg3 {[%clk 01:14:46]} {[%emt 00:04:04]} Bxg3 {[%clk 01:23:31]} {[%emt
00:00:38]} 11. hxg3 {[%clk 01:14:15]} {[%emt 00:01:02]} Bxf3 {[%clk 01:21:00]}
{[%emt 00:03:00]} 12. Bxf3 {[%clk 01:09:42]} {[%emt 00:05:04]} Qe7+ {[%clk
01:18:50]} {[%emt 00:02:40]} 13. Be2 {[%clk 01:08:56]} {[%emt 00:01:17]} O-O-O
{[%clk 01:18:03]} {[%emt 00:01:17]} 14. O-O {[%clk 01:05:30]} {[%emt 00:03:55]}
Qd6 {[%clk 01:13:42]} {[%emt 00:04:52]} 15. Nd2 {[%clk 01:02:38]} {[%emt
00:03:21]} Ne4 {[%clk 01:08:41]} {[%emt 00:05:30]} 16. Bh5 {[%clk 00:51:39]}
{[%emt 00:11:30]} f5 {[%clk 01:08:06]} {[%emt 00:01:05]} 17. Nxe4 {[%clk
00:49:30]} {[%emt 00:02:39]} dxe4 {[%clk 01:08:04]} {[%emt 00:00:32]} 18. Qa4
{[%clk 00:49:35]} {[%emt 00:00:26]} a6 {[%clk 01:07:50]} {[%emt 00:00:43]} 19.
Qa5 {[%clk 00:49:18]} {[%emt 00:00:46]} Rhf8 {[%clk 01:06:37]} {[%emt
00:01:43]} 20. Rae1 {[%clk 00:48:06]} {[%emt 00:01:43]} Nb6 {[%clk 01:05:52]}
{[%emt 00:01:14]} 21. b3 {[%clk 00:44:52]} {[%emt 00:03:44]} Nd5 {[%clk
01:01:31]} {[%emt 00:04:51]} 22. a3 {[%clk 00:45:05]} {[%emt 00:00:18]} Ne7
{[%clk 00:58:00]} {[%emt 00:04:00]} 23. b4 {[%clk 00:41:15]} {[%emt 00:04:20]}
Nc6 {[%clk 00:52:34]} {[%emt 00:05:56]} 24. Qa4 {[%clk 00:40:48]} {[%emt
00:00:57]} Na7 {[%clk 00:50:58]} {[%emt 00:02:07]} 25. Be2 {[%clk 00:36:05]}
{[%emt 00:05:13]} Qc6 {[%clk 00:47:20]} {[%emt 00:04:07]} 26. Qb3 {[%clk
00:34:49]} {[%emt 00:01:47]} Nb5 {[%clk 00:46:55]} {[%emt 00:00:55]} 27. Rc1
{[%clk 00:34:40]} {[%emt 00:00:39]} Rf6 {[%clk 00:39:31]} {[%emt 00:07:53]} 28.
Rfd1 {[%clk 00:32:02]} {[%emt 00:03:08]} Rfd6 {[%clk 00:33:30]} {[%emt
00:06:31]} 29. a4 {[%clk 00:30:33]} {[%emt 00:02:00]} Na7 {[%clk 00:32:56]}
{[%emt 00:01:04]} 30. b5 {[%clk 00:25:49]} {[%emt 00:05:15]} axb5 {[%clk
00:32:15]} {[%emt 00:01:10]} 31. axb5 {[%clk 00:26:13]} {[%emt 00:00:05]} Qb6
{[%clk 00:31:49]} {[%emt 00:00:56]} 32. d5 {[%clk 00:26:22]} {[%emt 00:00:22]}
Qc5 {[%clk 00:31:02]} {[%emt 00:01:17]} 33. c4 {[%clk 00:24:17]} {[%emt
00:02:35]} c6 {[%clk 00:29:04]} {[%emt 00:02:28]} 34. b6 {[%clk 00:23:53]}
{[%emt 00:00:54]} Kd7 {[%clk 00:27:50]} {[%emt 00:01:43]} 35. bxa7 {[%clk
00:24:11]} {[%emt 00:00:12]} Qxa7 {[%clk 00:28:09]} {[%emt 00:00:11]} 36. dxc6+
{[%clk 00:24:28]} {[%emt 00:00:14]} bxc6 {[%clk 00:28:25]} {[%emt 00:00:13]}
37. Rxd6+ {[%clk 00:24:43]} {[%emt 00:00:16]} Kxd6 {[%clk 00:28:49]} {[%emt
00:00:06]} 38. c5+ {[%clk 00:23:43]} {[%emt 00:01:30]} Ke7 {[%clk 00:28:38]}
{[%emt 00:00:41]} 39. Bh5 {[%clk 00:22:45]} {[%emt 00:01:28]} Rf8 {[%clk
00:28:48]} {[%emt 00:00:20]} 40. Qb6 {[%clk 00:22:53]} {[%emt 00:00:21]} Qa3
{[%clk 00:28:10]} {[%emt 00:01:08]} 41. Qc7+ {[%clk 00:23:07]} {[%emt
00:00:16]} Kf6 {[%clk 00:27:52]} {[%emt 00:00:49]} 42. Qxc6+ {[%clk 00:23:26]}
{[%emt 00:00:12]} Kg7 {[%clk 00:28:08]} {[%emt 00:00:13]} 43. Qg6+ {[%clk
00:23:47]} {[%emt 00:00:08]} Kh8 {[%clk 00:28:29]} {[%emt 00:00:09]} 44. Qxh6+
{[%clk 00:24:11]} {[%emt 00:00:07]} Kg8 {[%clk 00:28:40]} {[%emt 00:00:18]} 45.
Qxg5+ {[%clk 00:24:37]} {[%emt 00:00:04]} Kh8 {[%clk 00:28:51]} {[%emt
00:00:19]} 46. c6 {[%clk 00:23:36]} {[%emt 00:01:32]} f4 {[%clk 00:28:59]}
{[%emt 00:00:22]} 47. Qe5+ {[%clk 00:23:23]} {[%emt 00:00:42]} Kg8 {[%clk
00:29:17]} {[%emt 00:00:12]} 48. Qd5+ {[%clk 00:23:45]} {[%emt 00:00:09]} Kh8
{[%clk 00:29:36]} {[%emt 00:00:11]} 49. Qd4+ {[%clk 00:24:10]} {[%emt
00:00:05]} Kg8 {[%clk 00:29:53]} {[%emt 00:00:13]} 50. Qc4+ {[%clk 00:24:36]}
{[%emt 00:00:03]} Kg7 {[%clk 00:29:03]} {[%emt 00:01:20]} 51. Qc3+ {[%clk
00:25:00]} {[%emt 00:00:06]} Qxc3 {[%clk 00:29:18]} {[%emt 00:00:15]} 52. Rxc3
{[%clk 00:25:24]} {[%emt 00:00:06]} fxg3 {[%clk 00:29:43]} {[%emt 00:00:05]}
53. fxg3 {[%clk 00:25:44]} {[%emt 00:00:11]} Rc8 {[%clk 00:29:58]} {[%emt
00:00:15]} 54. c7 {[%clk 00:26:05]} {[%emt 00:00:09]} Kf6 {[%clk 00:30:18]}
{[%emt 00:00:09]} 55. Bg4 {[%clk 00:26:29]} {[%emt 00:00:06]} Rxc7 {[%clk
00:29:53]} {[%emt 00:00:55]} 56. Rxc7 {[%clk 00:26:52]} {[%emt 00:00:08]} Ke5
{[%clk 00:30:18]} {[%emt 00:00:06]} 57. Kf2 {[%clk 00:27:09]} {[%emt 00:00:12]}
Kd4 {[%clk 00:30:40]} {[%emt 00:00:08]} 58. Rd7+ {[%clk 00:27:30]} {[%emt
00:00:09]} Ke5 {[%clk 00:31:00]} {[%emt 00:00:10]} 59. Ke3 {[%clk 00:27:50]}
{[%emt 00:00:09]} Kf6 {[%clk 00:31:14]} {[%emt 00:00:16]} 60. Rd5 {[%clk
00:28:08]} {[%emt 00:00:12]} 1-0

[Event "ODJM B 2025"]
[Site "Willingen GER"]
[Date "2025.06.10"]
[Round "4"]
[White "Meyer, Hugo"]
[Black "Feichtner, David"]
[Result "0-1"]
[Termination "normal"]
[Board "40"]
[WhiteElo "1591"]
[BlackElo "1776"]
[WhiteClock "00:09:14"]
[BlackClock "01:29:08"]
[PlyCount "154"]
[WhiteFideId "533005249"]
[BlackFideId "533013381"]
[EventCountry "GER"]
[EventRounds "9"]
[EventType "swiss"]
[EventDate "2025.06.07"]

1. e4 {[%clk 01:30:58]} {[%emt 00:00:02]} c5 {[%clk 01:30:46]} {[%emt
00:00:15]} 2. g3 {[%clk 01:27:24]} {[%emt 00:04:02]} Nc6 {[%clk 01:30:45]}
{[%emt 00:00:31]} 3. Bg2 {[%clk 01:27:16]} {[%emt 00:00:39]} Nf6 {[%clk
01:28:53]} {[%emt 00:02:22]} 4. d3 {[%clk 01:24:25]} {[%emt 00:03:21]} e6
{[%emt 00:01:24]} 5. Nf3 {[%clk 01:20:45]} {[%emt 00:03:13]} d5 {[%clk
01:29:00]} {[%emt 00:00:27]} 6. exd5 {[%clk 01:20:13]} {[%emt 00:01:01]} exd5
{[%clk 01:29:19]} {[%emt 00:00:11]} 7. O-O {[%clk 01:19:30]} {[%emt 00:01:13]}
Be7 {[%clk 01:29:14]} {[%emt 00:00:35]} 8. Nc3 {[%clk 01:14:29]} {[%emt
00:05:31]} O-O {[%clk 01:29:15]} {[%emt 00:00:29]} 9. h4 {[%clk 01:08:52]}
{[%emt 00:06:06]} Bg4 {[%clk 01:27:38]} {[%emt 00:02:07]} 10. Bf4 {[%clk
01:05:48]} {[%emt 00:03:35]} d4 {[%clk 01:26:52]} {[%emt 00:01:16]} 11. Ne4
{[%clk 01:03:41]} {[%emt 00:02:37]} Nxe4 {[%clk 01:25:02]} {[%emt 00:02:20]}
12. dxe4 {[%clk 01:03:56]} {[%emt 00:00:16]} Bd6 {[%clk 01:25:11]} {[%emt
00:00:20]} 13. Qd2 {[%clk 01:01:29]} {[%emt 00:02:57]} Qc7 {[%clk 01:18:16]}
{[%emt 00:07:25]} 14. Bxd6 {[%clk 00:56:24]} {[%emt 00:05:34]} Qxd6 {[%clk
01:17:56]} {[%emt 00:00:51]} 15. Qg5 {[%clk 00:53:56]} {[%emt 00:02:57]} Bxf3
{[%clk 01:16:22]} {[%emt 00:02:05]} 16. Bxf3 {[%clk 00:54:06]} {[%emt
00:00:20]} Ne5 {[%clk 01:16:16]} {[%emt 00:00:34]} 17. Bg2 {[%clk 00:53:08]}
{[%emt 00:01:30]} h6 {[%clk 01:14:52]} {[%emt 00:01:54]} 18. Qf4 {[%clk
00:47:52]} {[%emt 00:05:46]} Nc4 {[%clk 01:13:24]} {[%emt 00:01:58]} 19. Qxd6
{[%clk 00:47:52]} {[%emt 00:00:30]} Nxd6 {[%clk 01:13:45]} {[%emt 00:00:09]}
20. b3 {[%clk 00:41:42]} {[%emt 00:06:40]} Rfe8 {[%clk 01:13:19]} {[%emt
00:00:56]} 21. Rfe1 {[%clk 00:41:10]} {[%emt 00:01:02]} Nb5 {[%clk 01:12:59]}
{[%emt 00:00:51]} 22. e5 {[%clk 00:38:40]} {[%emt 00:02:59]} Rab8 {[%clk
01:13:08]} {[%emt 00:00:21]} 23. a4 {[%clk 00:32:54]} {[%emt 00:06:17]} Nc3
{[%clk 01:13:25]} {[%emt 00:00:12]} 24. Bf1 {[%clk 00:31:46]} {[%emt 00:01:38]}
Re7 {[%clk 01:12:17]} {[%emt 00:01:38]} 25. Bc4 {[%clk 00:28:50]} {[%emt
00:03:27]} b6 {[%clk 01:09:08]} {[%emt 00:03:39]} 26. e6 {[%clk 00:23:34]}
{[%emt 00:05:45]} fxe6 {[%clk 01:07:23]} {[%emt 00:02:15]} 27. Bxe6+ {[%clk
00:23:08]} {[%emt 00:00:55]} Kf8 {[%clk 01:07:45]} {[%emt 00:00:09]} 28. Bf5
{[%clk 00:18:51]} {[%emt 00:04:47]} a6 {[%clk 01:06:55]} {[%emt 00:01:19]} 29.
Rxe7 {[%clk 00:17:46]} {[%emt 00:01:35]} Kxe7 {[%clk 01:07:17]} {[%emt
00:00:08]} 30. Re1+ {[%clk 00:18:08]} {[%emt 00:00:09]} Kf6 {[%clk 01:07:40]}
{[%emt 00:00:06]} 31. Bd3 {[%clk 00:14:33]} {[%emt 00:04:06]} b5 {[%clk
01:07:12]} {[%emt 00:00:59]} 32. axb5 {[%clk 00:14:43]} {[%emt 00:00:19]} axb5
{[%clk 01:07:35]} {[%emt 00:00:08]} 33. Ra1 {[%clk 00:14:31]} {[%emt 00:00:42]}
Rb6 {[%clk 01:06:01]} {[%emt 00:02:03]} 34. Ra8 {[%clk 00:13:50]} {[%emt
00:01:11]} Rc6 {[%clk 01:04:55]} {[%emt 00:01:36]} 35. Rd8 {[%clk 00:09:11]}
{[%emt 00:05:09]} c4 {[%clk 01:04:33]} {[%emt 00:00:52]} 36. bxc4 {[%clk
00:08:44]} {[%emt 00:00:56]} bxc4 {[%clk 01:04:57]} {[%emt 00:00:08]} 37. Bf1
{[%clk 00:08:37]} {[%emt 00:00:36]} Nb5 {[%clk 01:03:40]} {[%emt 00:01:46]} 38.
Rf8+ {[%emt 00:01:20]} Ke7 {[%clk 01:02:52]} {[%emt 00:01:14]} 39. Rf3 {[%clk
00:07:41]} {[%emt 00:00:41]} Ke6 {[%clk 01:02:24]} {[%emt 00:00:58]} 40. Bh3+
{[%clk 00:06:41]} {[%emt 00:01:29]} Kd6 {[%clk 01:00:52]} {[%emt 00:02:03]} 41.
Bg2 {[%clk 00:03:45]} {[%emt 00:03:26]} Rc7 {[%clk 01:00:52]} {[%emt 00:00:29]}
42. Kf1 {[%clk 00:28:52]} {[%emt 00:05:24]} Kc5 {[%clk 01:30:45]} {[%emt
00:00:35]} 43. Ke1 {[%clk 00:26:53]} {[%emt 00:02:30]} Re7+ {[%clk 01:29:53]}
{[%emt 00:01:22]} 44. Kd2 {[%clk 00:25:16]} {[%emt 00:02:08]} Nc3 {[%clk
01:28:17]} {[%emt 00:02:05]} 45. Bf1 {[%clk 00:23:01]} {[%emt 00:02:46]} Nb1+
{[%clk 01:27:45]} {[%emt 00:01:02]} 46. Kd1 {[%clk 00:22:48]} {[%emt 00:00:43]}
Kb4 {[%clk 01:25:33]} {[%emt 00:02:41]} 47. Rf8 {[%clk 00:18:10]} {[%emt
00:05:09]} Kc3 {[%clk 01:24:19]} {[%emt 00:01:44]} 48. Rf3+ {[%clk 00:17:51]}
{[%emt 00:00:49]} Kb4 {[%clk 01:23:39]} {[%emt 00:01:10]} 49. Rf8 {[%clk
00:18:02]} {[%emt 00:00:19]} Na3 {[%clk 01:22:49]} {[%emt 00:01:19]} 50. Rf3
{[%clk 00:17:25]} {[%emt 00:01:08]} Ra7 {[%clk 01:22:23]} {[%emt 00:00:56]} 51.
Kc1 {[%clk 00:15:00]} {[%emt 00:02:55]} Nb5 {[%clk 01:21:56]} {[%emt 00:00:57]}
52. Bh3 {[%clk 00:12:06]} {[%emt 00:03:24]} Nc3 {[%clk 01:20:22]} {[%emt
00:02:04]} 53. Kd2 {[%clk 00:05:36]} {[%emt 00:07:00]} Ra1 {[%clk 01:20:41]}
{[%emt 00:00:09]} 54. Rxc3 {[%clk 00:05:54]} {[%emt 00:00:14]} dxc3+ {[%clk
01:21:02]} {[%emt 00:00:09]} 55. Ke2 {[%clk 00:04:38]} {[%emt 00:01:46]} Rc1
{[%clk 01:21:19]} {[%emt 00:00:12]} 56. Bf5 {[%clk 00:04:59]} {[%emt 00:00:10]}
Ka3 {[%clk 01:21:45]} {[%emt 00:00:04]} 57. g4 {[%clk 00:04:24]} {[%emt
00:01:04]} Kb2 {[%clk 01:22:06]} {[%emt 00:00:09]} 58. f4 {[%clk 00:04:24]}
{[%emt 00:00:31]} Rxc2 {[%clk 01:22:30]} {[%emt 00:00:06]} 59. Bxc2 {[%clk
00:04:36]} {[%emt 00:00:18]} Kxc2 {[%clk 01:22:52]} {[%emt 00:00:08]} 60. g5
{[%clk 00:04:41]} {[%emt 00:00:24]} hxg5 {[%clk 01:23:09]} {[%emt 00:00:13]}
61. hxg5 {[%clk 00:04:19]} {[%emt 00:00:52]} Kb2 {[%clk 01:23:24]} {[%emt
00:00:16]} 62. f5 {[%clk 00:04:42]} {[%emt 00:00:07]} c2 {[%clk 01:23:49]}
{[%emt 00:00:05]} 63. f6 {[%clk 00:05:05]} {[%emt 00:00:07]} gxf6 {[%clk
01:24:03]} {[%emt 00:00:16]} 64. gxf6 {[%clk 00:05:14]} {[%emt 00:00:20]} c1=Q
{[%clk 01:24:25]} {[%emt 00:00:07]} 65. f7 {[%clk 00:05:22]} {[%emt 00:00:24]}
Qf4 {[%clk 01:24:41]} {[%emt 00:00:12]} 66. f8=Q {[%clk 00:05:39]} {[%emt
00:00:15]} Qxf8 {[%clk 01:25:07]} {[%emt 00:00:04]} 67. Ke3 {[%clk 00:05:53]}
{[%emt 00:00:16]} Qd6 {[%clk 01:25:21]} {[%emt 00:00:15]} 68. Kf3 {[%clk
00:06:13]} {[%emt 00:00:10]} Qd4 {[%clk 01:25:42]} {[%emt 00:00:10]} 69. Ke2
{[%clk 00:06:33]} {[%emt 00:00:09]} Qd3 {[%clk 01:26:03]} {[%emt 00:00:09]} 70.
Kf2 {[%clk 00:06:48]} {[%emt 00:00:16]} Kc2 {[%clk 01:26:19]} {[%emt 00:00:14]}
71. Kg2 {[%clk 00:07:08]} {[%emt 00:00:09]} Qe3 {[%clk 01:26:40]} {[%emt
00:00:08]} 72. Kh2 {[%clk 00:07:25]} {[%emt 00:00:14]} Qf3 {[%clk 01:27:02]}
{[%emt 00:00:08]} 73. Kg1 {[%clk 00:07:47]} {[%emt 00:00:09]} Qe2 {[%clk
01:27:25]} {[%emt 00:00:06]} 74. Kh1 {[%clk 00:08:11]} {[%emt 00:00:06]} Kd2
{[%clk 01:27:51]} {[%emt 00:00:05]} 75. Kg1 {[%clk 00:08:29]} {[%emt 00:00:12]}
c3 {[%clk 01:28:16]} {[%emt 00:00:05]} 76. Kh1 {[%clk 00:08:52]} {[%emt
00:00:06]} c2 {[%clk 01:28:45]} {[%emt 00:00:02]} 77. Kg1 {[%clk 00:09:14]}
{[%emt 00:00:08]} c1=R+ {[%clk 01:29:08]} {[%emt 00:00:07]} 0-1